000 01103nam a2200205 4500
001 174537
003 ES-MaACL
005 20250709063224.0
008 100505s1749 sp p |||| | spa d
080 _a27(460)"00/07"
100 1 _aFlórez, Enrique,
_d1702-1773
_9142679
240 1 0 _aEspaña sagrada
245 1 0 _aEspaña sagrada.
_nTomo IV,
_pOrigen y progresso de los obispados
_b: theatro geographico-historico de la Iglesia de España : origen, divisiones, y limites de todas sus Provincias : antiguedad, traslaciones, y estado antiguo y presente de sus Sillas, en todos los dominios de España, y Portugal, con varias Dissertaciones criticas.
260 _aMadrid :
_bpor Antonio Marin,
_c1749.
300 _a[60], 547 p., [1] h. de map. pleg. ;
_c20 cm.
500 _aLa h. de map. pleg. grab. calc. "Mapa de los obispados y provincias antiguas de la Iglesia de España en tiempo de los Godos" precediendo a A1: "Florez del., Andrade sculp."
651 4 _aEspaña-
_xGeografía eclesiástica.
_98202
852 _aES-MaACL
_jR-1617-69
_x C-16767-818
999 _c174537
_d174537